000 00778cam a2200277 4500
001 2537870
003 yeezen
005 20260106165230.0
008 250822s2025 ch a e b 001 0 chi d
020 _a9789861948416
_q(平裝) :
_c新臺幣800元
040 _aSAN
_bchi
_c桃市圖
_eCCR
041 0 _achi
042 _anbic
084 _a419.8234
_b1227
_2ncsclt
090 _a419.8234
_b1227
100 1 _a孫秀卿
_e
245 1 0 _a腫瘤護理學 =
_bOncology nursing /
_c孫秀卿等作
246 1 1 _aOncology nursing.
250 _a一版
260 _a臺北市 :
_b華杏,
_c2025.06
300 _a[16], 552, 6面 :
_b圖 ;
_c26公分
504 _a含參考書目及索引
650 7 _a腫瘤護理
_2lcstt.
650 7 _a癌症
_2lcstt.
942 _2ccl
_cLNTERM
999 _c7679
_d7679